[Event "AUTO-INT-378"]
[Site "http://www.queenalice.com/game.php?id=181155"]
[Date "2007.3.13"]
[Round "1"]
[White "cassi12"]
[Black "AprendizdeXadrez"]
[Result "0-1"]
[WhiteElo "1045"]
[BlackElo "1253"]

1. d4 Nf6 2. e3 Nc6 3. g3 d5 4. Bg2 e6 5. Nf3 Ne4 6. Ne5 Nxe5 7. O-O h5 8. Nc3
Bb4 9. a3 Ba5 10. Nxe4 Ng4 0-1

[Event "AUTO-INT-378"]
[Site "http://www.queenalice.com/game.php?id=181156"]
[Date "2007.3.13"]
[Round "1"]
[White "AprendizdeXadrez"]
[Black "cassi12"]
[Result "1-0"]
[WhiteElo "1261"]
[BlackElo "1023"]

1. d4 d6 2. Bf4 e5 3. dxe5 g6 4. c4 Bg7 5. Qa4+ Bd7 6. Qb4 Bxe5 7. Bxe5 dxe5 8.
Qxb7 Bc6 9. e4 Bxb7 10. Nf3 Qf6 11. Nc3 1-0

[Event "AUTO-INT-378"]
[Site "http://www.queenalice.com/game.php?id=181157"]
[Date "2007.3.13"]
[Round "1"]
[White "cassi12"]
[Black "Tomaz_Tainan"]
[Result "0-1"]
[WhiteElo "1076"]
[BlackElo "2030"]

1. d4 Nf6 2. e3 e6 3. g3 b6 4. Bg2 Nc6 5. Nf3 Bd6 6. Ng5 Bb7 7. O-O O-O 8. Qd3
h6 9. Nh3 Nb4 10. Qc3 Bxg2 11. Rd1 Bxh3 0-1

[Event "AUTO-INT-378"]
[Site "http://www.queenalice.com/game.php?id=181158"]
[Date "2007.3.13"]
[Round "1"]
[White "Tomaz_Tainan"]
[Black "cassi12"]
[Result "1-0"]
[WhiteElo "2032"]
[BlackElo "1074"]

1. c4 d6 2. Nc3 e5 3. g3 g6 4. Bg2 Bg7 5. Nf3 Nf6 6. d3 O-O 7. O-O Ng4 8. Rb1
Bf5 9. Bd2 Nc6 10. b4 Nd4 11. Ne1 Qd7 12. Bxb7 1-0

[Event "Challenge"]
[Site "http://www.queenalice.com/game.php?id=181481"]
[Date "2007.3.14"]
[Round "-"]
[White "farofa38"]
[Black "cassi12"]
[Result "1-0"]
[WhiteElo "1509"]
[BlackElo "1140"]

1. g4 e6 2. e4 d5 3. exd5 Qxd5 4. f3 Qd4 5. c3 Qe5+ 6. Be2 Qc5 7. b4 Qe5 8. d4
Qd5 9. h4 Nf6 10. g5 Qf5 11. gxf6 Qxf6 12. f4 Nc6 13. Nf3 Bd6 14. Ng5 O-O 15.
Bd3 h6 16. Ne4 Qe7 17. Qf3 Qxh4+ 18. Rxh4 e5 19. fxe5 Be7 20. Rh1 Bd7 21. Qg2
Bd8 22. Bxh6 g6 23. Nc5 Re8 24. Nxd7 Nb8 25. Bxg6 Kh8 26. Bxf7 Rf8 27. Bg7# 1-0

[Event "AUTO-OPEN-590"]
[Site "http://www.queenalice.com/game.php?id=182577"]
[Date "2007.3.15"]
[Round "1"]
[White "chessy"]
[Black "cassi12"]
[Result "1-0"]
[WhiteElo "1792"]
[BlackElo "1084"]

1. d4 d6 2. e4 e5 3. Nf3 g6 4. dxe5 Bg7 5. exd6 cxd6 6. Bc4 Nf6 7. O-O O-O 8.
Nc3 Bg4 9. h3 Nc6 10. hxg4 Qe8 11. Re1 Nxg4 12. Nd5 Na5 13. Bb3 Qb5 14. Be3 Bxb2
15. Rb1 Ba3 16. Nf6+ Nxf6 17. Bxf7+ Rxf7 18. Rxb5 Nc4 19. Qd3 Nb2 20. Qxa3 Nc4
21. Qb3 a6 22. Rxb7 Rff8 23. Qxc4+ Kh8 24. Qc7 Rf7 25. Qxf7 1-0

[Event "AUTO-OPEN-590"]
[Site "http://www.queenalice.com/game.php?id=182578"]
[Date "2007.3.15"]
[Round "1"]
[White "cassi12"]
[Black "chessy"]
[Result "0-1"]
[WhiteElo "1138"]
[BlackElo "1638"]

1. d4 d5 2. e3 Nc6 3. g3 e5 4. dxe5 Nxe5 5. Bg2 Nf6 6. Nf3 Bg4 7. Nc3 Bb4 8. O-O
Bxc3 9. bxc3 h5 10. Qd4 Nxf3+ 11. Bxf3 Bxf3 12. Qa4+ c6 13. Ba3 h4 14. Qb4 Qd7
15. Qf8+ Rxf8 16. Bxf8 Qh3 17. Rab1 Qg2# 0-1

[Event "AUTO-OPEN-590"]
[Site "http://www.queenalice.com/game.php?id=182599"]
[Date "2007.3.15"]
[Round "1"]
[White "FKafka"]
[Black "cassi12"]
[Result "1-0"]
[WhiteElo "1363"]
[BlackElo "1104"]

1. e4 e5 2. g3 d6 3. c3 g6 4. Qa4+ Bd7 5. Qc2 Bg7 6. Qb3 Be6 7. Qxb7 Nd7 8. Nf3
Rb8 9. Qxa7 Nb6 10. Bg2 Ra8 11. Qb7 1-0

[Event "AUTO-OPEN-590"]
[Site "http://www.queenalice.com/game.php?id=182600"]
[Date "2007.3.15"]
[Round "1"]
[White "cassi12"]
[Black "FKafka"]
[Result "0-1"]
[WhiteElo "1117"]
[BlackElo "1350"]

1. d4 b6 2. e4 e6 3. g3 Bb7 4. Bg2 Nf6 5. Nf3 Bb4+ 6. Bd2 Ba5 7. O-O Nxe4 8. Bf4
d6 9. Ng5 d5 10. Bxe4 g6 0-1

[Event "AUTO-OPEN-590"]
[Site "http://www.queenalice.com/game.php?id=182613"]
[Date "2007.3.15"]
[Round "1"]
[White "cassi12"]
[Black "RichardN"]
[Result "0-1"]
[WhiteElo "1053"]
[BlackElo "1421"]

1. d4 Nc6 2. e3 e6 3. Nf3 d5 4. Bb5 Bd7 5. O-O Bd6 6. Bd2 a6 7. Bd3 Qf6 8. Nc3
Nh6 9. Qe2 Nf5 10. h3 O-O 0-1

[Event "Challenge"]
[Site "http://www.queenalice.com/game.php?id=182711"]
[Date "2007.3.15"]
[Round "-"]
[White "FKafka"]
[Black "cassi12"]
[Result "1-0"]
[WhiteElo "1369"]
[BlackElo "1098"]

1. g3 e5 2. Bg2 Nf6 3. Nf3 g6 4. Nxe5 Bg7 5. c3 O-O 6. d4 d6 7. Nc4 Nc6 8. O-O
Bg4 9. f3 Bf5 10. Nba3 Qe8 11. e4 1-0

[Event "Challenge"]
[Site "http://www.queenalice.com/game.php?id=183374"]
[Date "2007.3.17"]
[Round "-"]
[White "mogerio"]
[Black "cassi12"]
[Result "1-0"]
[WhiteElo "1195"]
[BlackElo "1072"]

1. e4 e5 2. d3 d6 3. Nf3 g6 4. Nc3 Bg7 5. Be2 Nf6 6. O-O O-O 7. Ng5 Bg4 8. f3
Bd7 9. f4 Bg4 10. h3 Bxe2 11. Qxe2 Nh5 12. g4 Ng3 13. Qf2 exf4 14. Qxf4 Be5 15.
Qf3 Nc6 16. Re1 Nd4 17. Qxg3 1-0

[Event "AUTO-OPEN-602"]
[Site "http://www.queenalice.com/game.php?id=188798"]
[Date "2007.3.28"]
[Round "1"]
[White "cassi12"]
[Black "J_Ricardo"]
[Result "0-1"]
[WhiteElo "1082"]
[BlackElo "1498"]

1. d4 Nf6 2. e3 d6 3. Nh3 Bxh3 4. gxh3 Qd7 5. Bd3 Qc6 6. Qe2 Qxh1+ 7. Kd2 Qxh2
8. Nc3 e5 9. Nb5 Na6 10. Na3 Nb4 0-1